Manuel d'analyse des textes : Histoire littéraire et poétique des genres (notice n° 2198043)

détails MARC
000 -LEADER
fixed length control field 01328cam a2200169 4500500
005 - DATE AND TIME OF LATEST TRANSACTION
control field 20260405085507.0
041 ## - LANGUAGE CODE
Language code of text/sound track or separate title fre
042 ## - AUTHENTICATION CODE
Authentication code dc
100 10 - MAIN ENTRY--PERSONAL NAME
Personal name Lancrey-Javal, Romain
Relator term author
245 00 - TITLE STATEMENT
Title Manuel d'analyse des textes : Histoire littéraire et poétique des genres
260 ## - PUBLICATION, DISTRIBUTION, ETC.
Name of publisher, distributor, etc. Armand Colin,<br/>
Date of publication, distribution, etc. 2023.<br/>
520 ## - SUMMARY, ETC.
Summary, etc. Pour les étudiants en lettres, l’entrée à l’université ou en classe préparatoire n’est pas toujours sans périls. Ce livre souhaite les aider à réussir en leur offrant – et c’est là son originalité – un ensemble de ressources en matière d’histoire littéraire, de poétique des genres et de méthodologie ; ils pourront ainsi, de manière autonome, développer leurs compétences d’analyse des textes et leurs connaissances. À cet effet, des rubriques d’observations et analyses, suivies d’exercices facilitent leurs mises en œuvre. Cette nouvelle édition s’enrichit notamment d’un chapitre sur l’autobiographie, d’exercices supplémentaires et de prolongements importants dans la rubrique « Compléments ».
700 10 - ADDED ENTRY--PERSONAL NAME
Personal name Vassevière, Jacques
Relator term author
700 10 - ADDED ENTRY--PERSONAL NAME
Personal name Vassevière, Maryse
Relator term author
700 10 - ADDED ENTRY--PERSONAL NAME
Personal name Vigier, Luc
Relator term author
856 41 - ELECTRONIC LOCATION AND ACCESS
Uniform Resource Identifier <a href="https://shs.cairn.info/manuel-d-analyse-des-textes--9782200636265?lang=fr&redirect-ssocas=7080">https://shs.cairn.info/manuel-d-analyse-des-textes--9782200636265?lang=fr&redirect-ssocas=7080</a>

Pas d'exemplaire disponible.

PLUDOC

PLUDOC est la plateforme unique et centralisée de gestion des bibliothèques physiques et numériques de Guinée administré par le CEDUST. Elle est la plus grande base de données de ressources documentaires pour les Étudiants, Enseignants chercheurs et Chercheurs de Guinée.

Adresse

627 919 101/664 919 101

25 boulevard du commerce
Kaloum, Conakry, Guinée

Réseaux sociaux

Powered by Netsen Group @ 2025